| 000 | 00748nam a2200241 a 4500 | ||
|---|---|---|---|
| 001 | 62105 | ||
| 003 | BD-RjUL | ||
| 005 | 20211209081038.0 | ||
| 008 | 170122s1961 enk b 001 0 eng d | ||
| 035 | _a(BD-RjUL)62230 | ||
| 040 |
_aDLC _cFHM _dSER _dm.c. _dBD-RjUL _dm/c _beng |
||
| 041 | _aeng | ||
| 082 |
_223 _a320.01 _bEAP 1961 |
||
| 100 | 1 |
_aEarl, Donald C. _9184764 |
|
| 245 | 1 | 4 |
_aThe political thought of Sallust / _cby D.C. Earl |
| 260 |
_aCambridge : _bCambridge University Press, _c1961 |
||
| 300 |
_axi, 132 p. ; _c22 cm |
||
| 504 | _aBibliography: p. [122]-126 | ||
| 600 | 0 | 0 |
_aSallust, _d86 B.C.-34 B.C. _xPolitical and social views _9187328 |
| 830 | 0 |
_aCambridge classical studies. _9187329 |
|
| 942 |
_2ddc _cBK |
||
| 999 |
_c62105 _d62105 |
||